[Event "Challenge"]
[Site "http://www.queenalice.com/game.php?id=1528117"]
[Date "2018.5.22"]
[Round "-"]
[White "jamesxirb"]
[Black "Baretta"]
[Result "1-0"]
[WhiteElo "1518"]
[BlackElo "1100"]

1. e4 e6 2. d4 d5 3. e5 c5 4. Nf3 cxd4 5. Nxd4 Bc5 6. c3 Qb6 7. a3 Nc6 8. Bd3
Nxe5 9. O-O Nxd3 10. Qxd3 Nf6 11. b4 Bxd4 12. cxd4 O-O 13. f3 Bd7 14. Nc3 Rac8
15. Bd2 a6 16. Bf4 Rc6 17. g4 Rfc8 18. g5 Rxc3 19. Qd2 Nh5 20. Be3 Bb5 21. Rf2
Rd3 22. Qe2 Rxa3 23. Qe1 Rxa1 24. Qxa1 g6 25. f4 Ng7 26. Ra2 Nf5 27. Qe1 Nxe3
28. Qxe3 Rc4 29. Rd2 Rxb4 30. Qe5 Rb1+ 31. Kg2 Qd8 32. h4 Qc8 33. Qe3 Rc1 34.
Kf2 Rc2 35. Qe1 Rxd2+ 36. Qxd2 Qc4 37. Qd1 Qa2+ 38. Kg3 Qb3+ 39. Qxb3 1-0

[Event "Challenge"]
[Site "http://www.queenalice.com/game.php?id=1528118"]
[Date "2018.5.22"]
[Round "-"]
[White "Baretta"]
[Black "roseej"]
[Result "0-1"]
[WhiteElo "1100"]
[BlackElo "1467"]

1. c4 e5 2. Nc3 Nc6 3. e4 Nd4 4. d3 c5 5. Bd2 Nf6 6. Nge2 d6 7. Nxd4 cxd4 8. Ne2
Qb6 9. b3 Be7 10. g3 Bg4 11. Qc1 O-O 12. Bg2 Bxe2 13. Kxe2 h5 14. f4 exf4 15.
Bxf4 Ng4 16. h3 Ne3 17. Bxe3 dxe3 18. Qxe3 Qxe3+ 19. Kxe3 Bg5+ 20. Ke2 Rae8 21.
h4 Bf6 22. Rad1 Bd4 23. Rhf1 Re5 24. Bh3 Ra5 25. a4 Re8 26. Kd2 f6 0-1

[Event "Challenge"]
[Site "http://www.queenalice.com/game.php?id=1528122"]
[Date "2018.5.22"]
[Round "-"]
[White "carpio1969"]
[Black "Baretta"]
[Result "1-0"]
[WhiteElo "1599"]
[BlackElo "1100"]

1. e4 e6 2. f4 d5 3. Nc3 dxe4 4. Nxe4 b6 5. Nf3 Bb7 6. Bd3 Nd7 7. O-O Ngf6 8.
Nfg5 Nxe4 9. Bxe4 Bxe4 10. Nxe4 Be7 11. d4 O-O 12. f5 exf5 13. Rxf5 g6 14. Rf1
Nf6 15. Nxf6+ Bxf6 16. c3 Bg7 17. Qd3 c5 18. d5 Qd7 19. Bf4 Rad8 20. Rad1 Rfe8
21. Rfe1 Rxe1+ 22. Rxe1 Bf8 23. c4 Bd6 24. Bg5 Be7 25. Rxe7 Qg4 26. Qe3 Qd1+ 27.
Kf2 Qc2+ 28. Qe2 Qf5+ 29. Kg1 Qxg5 30. Qe6 Qc1+ 31. Qe1 Qxb2 32. a4 Qd4+ 33. Kh1
Qxc4 34. Re8+ 1-0

[Event "AUTO-OPEN-3935"]
[Site "http://www.queenalice.com/game.php?id=1528179"]
[Date "2018.5.23"]
[Round "1"]
[White "Baretta"]
[Black "Canaye"]
[Result "0-1"]
[WhiteElo "1100"]
[BlackElo "1913"]

1. Nf3 e6 2. d4 d5 3. Bg5 Be7 4. Bxe7 Nxe7 5. e3 c5 6. c4 cxd4 7. Nxd4 Nbc6 8.
Nxc6 bxc6 9. cxd5 Nxd5 10. Be2 Qa5+ 11. Qd2 Qb6 12. O-O O-O 13. a3 Bb7 14. b4
Rfd8 15. Qc1 Rac8 16. Rd1 g6 17. Qb2 c5 18. b5 c4 19. Nc3 Nxc3 20. Qxc3 Qxb5 21.
Rxd8+ Rxd8 22. Rb1 Qc6 23. Bf3 Qa6 24. Bxb7 Qxb7 25. Qc2 Qa6 26. Qc3 Qd6 27. h3
Qd3 28. Rc1 Qxc3 29. Rxc3 Rc8 30. Kf1 Rc5 31. Ke2 Kg7 32. g3 f5 33. f4 Kf6 34.
h4 e5 35. fxe5+ Kxe5 36. Kf3 h6 0-1

[Event "AUTO-OPEN-3935"]
[Site "http://www.queenalice.com/game.php?id=1528180"]
[Date "2018.5.23"]
[Round "1"]
[White "Canaye"]
[Black "Baretta"]
[Result "1/2-1/2"]
[WhiteElo "1924"]
[BlackElo "1100"]

1. d4 d5 2. c4 e6 3. Nc3 Be7 4. cxd5 exd5 5. Bf4 c6 6. e3 Nf6 7. Bd3 O-O 8. Nge2
h6 9. O-O Be6 10. Rc1 Nbd7 11. h3 Nb6 12. Re1 Re8 13. b3 a6 14. e4 dxe4 15. Nxe4
Nxe4 16. Bxe4 Bd5 17. Bb1 Bd6 18. Bxd6 Qxd6 19. Nc3 Kf8 20. Qd3 g6 21. Nxd5
Rxe1+ 22. Rxe1 Nxd5 23. Re4 Re8 24. Rxe8+ Kxe8 25. Qe4+ Kf8 26. g3 Nc3 27. Qd3
Nxb1 28. Qxb1 Qxd4 29. Qc1 Qd5 30. a3 Qxb3 31. Qc5+ Kg7 32. Qd4+ Kg8 1/2-1/2

[Event "AUTO-OPEN-3935"]
[Site "http://www.queenalice.com/game.php?id=1528181"]
[Date "2018.5.23"]
[Round "1"]
[White "Baretta"]
[Black "jgfmelo"]
[Result "0-1"]
[WhiteElo "1100"]
[BlackElo "1889"]

1. Nf3 Nc6 2. d4 d5 3. e3 a6 4. c4 Nf6 5. Nc3 Bg4 6. Be2 e6 7. O-O h5 8. h3 Qd6
9. cxd5 exd5 10. b3 Bxh3 11. Ng5 Bg4 12. g3 Qd7 13. Nf3 Bd6 14. Nh2 Bh3 15. Re1
Ng4 16. Nxd5 Qf5 17. Nf4 Bxf4 18. exf4 O-O-O 19. Bd3 Qd5 20. Be4 Qxd4 21. Qxd4
Nxd4 22. Bb2 Nc2 23. Bxc2 Rd2 24. Bf5+ Kb8 25. Bxg4 Bxg4 26. Nxg4 hxg4 27. Bxg7
Rh7 28. Re8+ Ka7 29. Be5 f5 30. Rc1 Rxa2 31. Bd4+ b6 32. Be5 Kb7 33. Rf8 c5 34.
Rd1 Kc6 35. Rxf5 Ra3 36. b4 c4 37. Rd6+ Kb7 38. Rd1 Rb3 39. Rc1 Rxb4 0-1

[Event "AUTO-OPEN-3935"]
[Site "http://www.queenalice.com/game.php?id=1528182"]
[Date "2018.5.23"]
[Round "1"]
[White "jgfmelo"]
[Black "Baretta"]
[Result "1/2-1/2"]
[WhiteElo "1848"]
[BlackElo "1100"]

1. e4 e6 2. Nf3 d5 3. e5 c5 4. c3 Nc6 5. d4 Bd7 6. Bd3 cxd4 7. cxd4 Bb4+ 8. Bd2
Bxd2+ 9. Qxd2 Nge7 10. Qf4 O-O 11. Qh4 Ng6 12. Qh3 Qb6 13. Bxg6 fxg6 14. O-O
Nxd4 15. Ng5 h6 16. Qd3 hxg5 17. Nd2 Bb5 18. Qxg6 Bxf1 19. Rxf1 Ne2+ 1/2-1/2

[Event "AUTO-OPEN-3935"]
[Site "http://www.queenalice.com/game.php?id=1528183"]
[Date "2018.5.23"]
[Round "1"]
[White "Baretta"]
[Black "kingdave"]
[Result "0-1"]
[WhiteElo "1100"]
[BlackElo "2249"]

1. Nf3 c5 2. c4 Nc6 3. Nc3 e5 4. e4 d6 5. d3 g6 6. Be2 Bg7 7. O-O f5 8. Nd2 f4
9. f3 h5 10. Nd5 Nf6 11. a3 h4 12. h3 Nh5 13. Kh2 Nd4 14. Nb3 Nxe2 15. Qxe2 Ng3
16. Qf2 Nxf1+ 17. Qxf1 Be6 18. Nc3 a6 19. Bd2 b5 20. Nc1 Rb8 21. cxb5 axb5 22.
Nd5 Bxd5 23. exd5 O-O 24. b4 Qb6 25. Nb3 cxb4 26. Bxb4 Ra8 27. Rc1 Rfc8 0-1

[Event "AUTO-OPEN-3939"]
[Site "http://www.queenalice.com/game.php?id=1529912"]
[Date "2018.6.5"]
[Round "1"]
[White "andrelazcano"]
[Black "Baretta"]
[Result "1-0"]
[WhiteElo "1710"]
[BlackElo "1100"]

1. e4 e6 2. Nc3 d5 3. d3 d4 4. Nb5 a6 5. Na3 e5 6. f4 c5 7. Qh5 Nf6 8. Qxe5+ Be7
9. c3 Nc6 10. Qg5 O-O 11. e5 Ne4 12. Qh5 dxc3 13. dxe4 cxb2 14. Bxb2 Nb4 15. Rd1
Qa5 16. Rd2 g6 17. Qf3 Be6 18. Bc4 Bxc4 19. Nxc4 Qxa2 20. Qc3 Qb1+ 21. Kf2 Qxe4
22. e6 Qxf4+ 23. Nf3 Bh4+ 24. g3 1-0

[Event "AUTO-OPEN-3939"]
[Site "http://www.queenalice.com/game.php?id=1529913"]
[Date "2018.6.5"]
[Round "1"]
[White "Baretta"]
[Black "andrelazcano"]
[Result "0-1"]
[WhiteElo "1100"]
[BlackElo "1712"]

1. Nf3 d6 2. d4 b6 3. e3 Bg4 4. Be2 Bxf3 5. Bxf3 d5 6. O-O e6 7. Nd2 c5 8. c3
Ne7 9. c4 Na6 10. cxd5 Nxd5 11. a3 cxd4 12. exd4 Be7 13. Nb3 O-O 14. Be3 Rc8 15.
Bxd5 Qxd5 16. Nd2 Nc7 17. Nf3 Ne8 18. b4 Nf6 19. Rc1 Ne4 20. Qd3 b5 21. Rxc8
Rxc8 22. Rc1 Rxc1+ 23. Bxc1 a6 24. Qc2 h5 0-1